| 000 | 00804nam a2200241 i 4500 | ||
|---|---|---|---|
| 001 | bg | ||
| 100 | 1 | _aŁAPKO, Andrzej | |
| 245 | 1 | 0 |
_aPodstawy projektowania i algorytmy obliczeń konstrukcji żelbetowych / _cAndrzej Łapko, Bjarne Christian Jensen. |
| 260 |
_aWarszawa : _b"Arkady", _c2005. |
||
| 300 |
_a432 s. : _brys., wykr. ; _c25 cm. |
||
| 504 | _aBibliogr., wykaz norm. | ||
| 650 | 9 |
_aKonstrukcje żelbetowe _xprojekty |
|
| 655 | _aPodręczniki akademickie | ||
| 700 | 1 | _aJENSEN, Bjarne Christian | |
| 020 | _a832134397X | ||
| 040 | _cBPK | ||
| 041 | 0 | _apol | |
| 080 | _a624.012.45.001.13/.15(075.8) | ||
| 920 | _a83-213-4397-X | ||
| 942 | _cKS | ||
| 008 | s pl f |000 0 pol | ||
| 999 |
_c46860 _d46860 |
||
| 856 |
_uhttp://koha.tu.koszalin.pl/cgi-bin/koha/opac-detail.pl?biblionumber=46860 _yKatalog online BPK |
||